| 000 | 00536nam a2200181Ia 4500 | ||
|---|---|---|---|
| 005 | 20250326142819.0 | ||
| 008 | 250326s9999 xx 000 0 und d | ||
| 037 | _aTextbook | ||
| 040 |
_aFMSL _beng _cFMSL |
||
| 041 |
_aeng _2eng |
||
| 084 |
_aX M02 _qFMSL |
||
| 100 |
_aHarrison R J _9122527 |
||
| 245 | 0 |
_aPluralism and corporatism: Political evolution of modern democracies _cHarrison R J |
|
| 260 |
_aLondon _bLondon, George allen & Unwin _c1980 |
||
| 300 | _a198p | ||
| 942 |
_cTB _hX M02 |
||
| 999 |
_c1296755 _d1296755 |
||